[Event "Vienna Husek op-A"]
[Site "Vienna"]
[Date "2012.08.14"]
[Round "2"]
[White "Metz, Richard"]
[Black "Knitl, Anton"]
[Result "1/2-1/2"]
[WhiteElo "1936"]
[BlackElo "2187"]
[PlyCount "73"]
[EventDate "2012.08.13"]
[EventType "swiss"]
[EventRounds "7"]
[EventCountry "AUT"]
[SourceTitle "EXT 2014"]
[Source "ChessBase"]
[SourceDate "2013.11.20"]
[SourceVersion "1"]
[SourceVersionDate "2013.11.20"]
[SourceQuality "1"]

1. d4 d5 2. c4 c6 3. Nc3 Nf6 4. Nf3 dxc4 5. e3 b5 6. a4 b4 7. Na2 e6 8. Bxc4 Be7 9. 0-0 0-0 10. Qc2 Bb7 11. Rd1 Nbd7 12. b3 Rc8 13. Bb2 Qc7 14. Nc1 c5 15. Qe2 Nb6 16. Bb5 c4 17. a5 c3 18. axb6 Qxb6 19. Bc4 Ne4 20. Nd3 cxb2 21. Qxb2 Nc3 22. Rdc1 Rfd8 23. Nd2 Ne2+ 24. Kf1 Nxc1 25. Rxc1 a5 26. f3 Ba6 27. Ra1 Ra8 28. Qa2 Rdc8 29. Kf2 Bxc4 30. Nxc4 Qb5 31. Ndb2 e5 32. dxe5 Rd8 33. Qb1 Qd5 34. Qc2 Bc5 35. Ke2 Qe6 36. Nd3 Be7 37. Rxa5 1/2-1/2

[Event "Vienna Husek op-A"]
[Site "Vienna"]
[Date "2012.08.13"]
[Round "1"]
[White "Bilguun, Sumiya"]
[Black "Metz, Richard"]
[Result "1/2-1/2"]
[WhiteElo "2177"]
[BlackElo "1936"]
[PlyCount "118"]
[EventDate "2012.08.13"]
[EventType "swiss"]
[EventRounds "7"]
[EventCountry "AUT"]
[SourceTitle "EXT 2014"]
[Source "ChessBase"]
[SourceDate "2013.11.20"]
[SourceVersion "1"]
[SourceVersionDate "2013.11.20"]
[SourceQuality "1"]

1. e4 Nf6 2. Nc3 d5 3. exd5 Nxd5 4. Bc4 Nb6 5. Bb3 Nc6 6. a3 Bf5 7. d3 Nd4 8. Ba2 Qd7 9. Nge2 e5 10. Nxd4 exd4 11. Qe2+ Be7 12. Ne4 Be6 13. Bxe6 Qxe6 14. Bg5 0-0-0 15. Bxe7 Qxe7 16. Qg4+ Qe6 17. Qxe6+ fxe6 18. 0-0 e5 19. Rfe1 Rd5 20. Re2 Nd7 21. Rae1 h6 22. Nd2 g5 23. Nf3 Re8 24. Re4 c5 25. h4 gxh4 26. Rxh4 Re6 27. Rh5 Kc7 28. Re4 b5 29. Reh4 Rdd6 30. Nd2 a5 31. b3 a4 32. bxa4 bxa4 33. Nc4 Rc6 34. Rf5 Kd8 35. Re4 Kc7 36. Kf1 Re8 37. Ke2 Rce6 38. Kd2 Kc6 39. f3 Kd5 40. f4 R8e7 41. Ke2 Re8 42. Kf3 R8e7 43. Nxe5 Nxe5+ 44. Rexe5+ Rxe5 45. Rxe5+ Rxe5 46. fxe5 Kxe5 47. Kg4 c4 48. g3 c3 49. Kh5 Kf5 50. Kh4 Kf6 51. Kg4 Ke5 52. Kh4 Kf6 53. g4 Kg6 54. Kh3 Kf6 55. Kg2 Kg6 56. Kh2 Kf6 57. Kh3 Kg5 58. Kg3 Kf6 59. Kf4 Kg6 1/2-1/2

[Event "Oberliga NRW 9900 I"]
[Site "Germany"]
[Date "2000.04.21"]
[Round "8.7"]
[White "Metz, Richard"]
[Black "Hacker, Christian"]
[Result "1/2-1/2"]
[WhiteElo "1970"]
[BlackElo "2185"]
[PlyCount "125"]
[EventDate "1999.10.26"]
[EventType "team"]
[EventRounds "9"]
[EventCountry "GER"]
[SourceTitle "EXT 2001"]
[Source "ChessBase"]
[SourceDate "2000.11.22"]
[SourceVersion "1"]
[SourceVersionDate "2000.11.22"]
[SourceQuality "1"]
[WhiteTeam "Duesseldorf"]
[BlackTeam "Enger Spenge"]
[WhiteTeamCountry "GER"]
[BlackTeamCountry "GER"]

1. d4 Nf6 2. c4 e6 3. Nc3 Bb4 4. Bg5 c5 5. a3 Bxc3+ 6. bxc3 Qa5 7. Bd2 Ne4 8. e3 Nc6 9. Bd3 Nxd2 10. Qxd2 d6 11. Nf3 e5 12. Be4 0-0 13. Bxc6 bxc6 14. dxe5 dxe5 15. Nxe5 Be6 16. 0-0 Qc7 17. Nf3 Bxc4 18. Rfd1 Bd5 19. Qe2 Qe7 20. c4 Be4 21. Rd2 Qf6 22. Rc1 Rab8 23. Qd1 Rfd8 24. Rd7 Rxd7 25. Qxd7 Rd8 26. Qxa7 Bxf3 27. gxf3 Qxf3 28. Qc7 Qf6 29. a4 h5 30. a5 Rd6 31. Qc8+ Kh7 32. Qh3 Qg6+ 33. Kh1 Qe4+ 34. Qg2 Qe5 35. Qg3 Qe4+ 36. Qg2 Qe5 37. a6 Rg6 38. Qf3 Rf6 39. Qg3 Qb2 40. Rg1 Rg6 41. Qh4 Rxg1+ 42. Kxg1 Qa1+ 43. Kg2 Qxa6 44. Qxh5+ Kg8 45. Qxc5 Qc8 46. h3 Qe6 47. Qd4 Qg6+ 48. Qg4 Qd6 49. Qe4 Kf8 50. h4 Qf6 51. Qd4 Qg6+ 52. Kh2 Kg8 53. c5 Qf5 54. Kg3 g6 55. e4 Qe6 56. f3 Qb3 57. e5 Qb1 58. Qd8+ Kh7 59. Qf6 Qg1+ 60. Kh3 Qh1+ 61. Kg3 Qg1+ 62. Kf4 Qd4+ 63. Kg3 1/2-1/2